[Event "69th ch-RUS HL 2016"]
[Site "Kolomna RUS"]
[Date "2016.06.24"]
[Round "3.28"]
[White "Truskavetsky, Alexandr"]
[Black "Iljiushenok, Ilia"]
[Result "0-1"]
[WhiteTitle "IM"]
[BlackTitle "IM"]
[WhiteElo "2389"]
[BlackElo "2495"]
[WhiteFideId "14108577"]
[BlackFideId "24105074"]
[EventDate "2016.06.22"]

1. d4 Nf6 2. c4 g6 3. Nf3 Bg7 4. Nc3 O-O 5. g3 d6 6. Bg2 Nc6 7. d5 Na5 8. Nd2 c6
9. O-O cxd5 10. cxd5 Bd7 11. b4 Rc8 12. bxa5 Rxc3 13. Bb2 Rc5 14. Nb3 Ba4 15.
Qd2 Rb5 16. Bd4 Bxb3 17. axb3 Rxb3 18. Bxa7 Qa8 19. Bd4 Nd7 20. Bxg7 Kxg7 21.
Rfe1 Qa7 22. Qc2 Nc5 23. e4 f6 24. Bf1 Rc8 25. Qd2 Nd7 26. Rec1 Rxc1 27. Qxc1
Qd4 28. Ra2 Nc5 29. Rd2 Qb4 30. Re2 Rb1 31. Qc2 Ra1 32. h4 Qxa5 33. h5 Qb4 34.
hxg6 hxg6 35. Qb2 Qxb2 36. Rxb2 Nxe4 37. Rxb7 Nd2 38. Rxe7+ Kf8 39. Re6 Kf7 40.
Kg2 Rxf1 41. Rxd6 Rxf2+ 0-1

[Event "69th ch-RUS HL 2016"]
[Site "Kolomna RUS"]
[Date "2016.06.24"]
[Round "3.29"]
[White "Korniushin, Nikolay"]
[Black "Vasilyev, Vasily"]
[Result "1/2-1/2"]
[WhiteTitle "IM"]
[BlackTitle "FM"]
[WhiteElo "2348"]
[BlackElo "2307"]
[WhiteFideId "4123808"]
[BlackFideId "24102180"]
[EventDate "2016.06.22"]

1. c4 c6 2. Nf3 d5 3. d4 e6 4. Qc2 Nf6 5. g3 dxc4 6. Qxc4 b5 7. Qc2 Bb7 8. a4
Nbd7 9. Bg2 c5 10. O-O Be4 11. Qd1 b4 12. Nbd2 Bd5 13. a5 Rc8 14. Re1 cxd4 15.
Nxd4 Bxg2 16. Kxg2 Bc5 17. N2b3 O-O 18. e4 Ne5 19. Nxc5 Rxc5 20. Nb3 Qxd1 21.
Rxd1 Rc2 22. Nd4 Rc5 23. Bf4 Nc4 24. Nb3 Rcc8 25. Bd6 Nxd6 26. Rxd6 Nxe4 27. Rd4
f5 28. Rc1 Rxc1 29. Nxc1 Rb8 30. Nd3 b3 31. a6 Nf6 32. Nc5 Kf7 33. Nd7 Rc8 34.
Ne5+ Ke7 35. Rb4 Kd6 36. Nf7+ Kd5 37. Rxb3 Rc6 38. Rd3+ Kc5 39. Rc3+ Kb5 40.
Rxc6 Kxc6 41. Kf3 Kb6 42. Kf4 Ng4 43. Ng5 Nxf2 44. Nxe6 g6 45. Nf8 Ng4 46. Nxh7
Nxh2 47. Nf8 Kxa6 48. Nxg6 Nf1 49. Ne7 Kb5 50. Nxf5 Nxg3 1/2-1/2

[Event "69th ch-RUS HL 2016"]
[Site "Kolomna RUS"]
[Date "2016.06.24"]
[Round "3.30"]
[White "Kurbedinov, Ramis"]
[Black "Bykov, Egor"]
[Result "1-0"]
[WhiteTitle "IM"]
[BlackTitle "FM"]
[WhiteElo "2327"]
[BlackElo "2341"]
[WhiteFideId "14200619"]
[BlackFideId "34115290"]
[EventDate "2016.06.22"]

1. d4 d5 2. c4 c6 3. cxd5 cxd5 4. Nc3 Nf6 5. Bf4 Nc6 6. e3 Bf5 7. Rc1 e6 8. Qb3
Qb6 9. Qxb6 axb6 10. a3 Be7 11. Nf3 O-O 12. Nh4 Be4 13. f3 Nh5 14. Bg3 Nxg3 15.
hxg3 Bg6 16. Nxg6 hxg6 17. Bd3 Rfc8 18. Ke2 Na5 19. Na2 Nb3 20. Rc2 f5 21. f4 g5
22. Rd1 g6 23. Nc1 Na5 24. Rdd2 gxf4 25. gxf4 g5 26. g3 Kg7 27. Bb5 Rxc2 28.
Rxc2 Rh8 29. b4 Rh2+ 30. Kd3 Rxc2 31. Kxc2 Nc6 32. Bxc6 bxc6 33. Nd3 Bd6 34. a4
gxf4 35. gxf4 Kf6 36. a5 bxa5 37. bxa5 Bc7 38. a6 Bb6 39. Ne5 Ke7 40. Nxc6+ Kd6
41. a7 1-0

[Event "69th ch-RUS HL 2016"]
[Site "Kolomna RUS"]
[Date "2016.06.25"]
[Round "4.1"]
[White "Fedoseev, Vladimir3"]
[Black "Kryakvin, Dmitry"]
[Result "1-0"]
[WhiteTitle "GM"]
[BlackTitle "GM"]
[WhiteElo "2665"]
[BlackElo "2547"]
[WhiteFideId "24130737"]
[BlackFideId "4153278"]
[EventDate "2016.06.22"]

1. e4 e6 2. d4 d5 3. Nc3 dxe4 4. Nxe4 Nd7 5. Nf3 Ngf6 6. Bg5 Be7 7. Nxf6+ Bxf6
8. h4 O-O 9. Bd3 c5 10. c3 cxd4 11. cxd4 e5 12. Qc2 h6 13. Bxf6 Qxf6 14. O-O
exd4 15. Rfe1 Rd8 16. Re4 Nf8 17. Qd2 Ne6 18. Rae1 Bd7 19. Bc4 Rac8 20. Bd5 Rc5
21. Bb3 Bc8 22. Ne5 Rd6 23. Qb4 b6 24. Nd3 a5 25. Qa3 Rcc6 26. Ba4 b5 27. Bxb5
Rb6 28. Ne5 Bb7 29. Rg4 Rd5 30. Nd7 Qd8 31. Nxb6 Rxb5 32. Nc4 Rd5 33. Qb3 h5 34.
Rg3 Nc5 35. Qb5 Kh7 36. Qxa5 Qxh4 37. Re5 Rxe5 38. Nxe5 Ne4 39. Nf3 Qf4 40.
Qxh5+ Kg8 41. Rh3 1-0

[Event "69th ch-RUS HL 2016"]
[Site "Kolomna RUS"]
[Date "2016.06.25"]
[Round "4.2"]
[White "Kokarev, Dmitry"]
[Black "Timofeev, Artyom"]
[Result "1/2-1/2"]
[WhiteTitle "GM"]
[BlackTitle "GM"]
[WhiteElo "2624"]
[BlackElo "2586"]
[WhiteFideId "4132181"]
[BlackFideId "4140419"]
[EventDate "2016.06.22"]

1. e4 c5 2. Nf3 Nc6 3. d4 cxd4 4. Nxd4 g6 5. c4 Nf6 6. Nc3 Nxd4 7. Qxd4 d6 8.
Be3 Bg7 9. f3 O-O 10. Qd2 a5 11. Na4 Nd7 12. Rd1 Qc7 13. b3 Nc5 14. Nc3 Be6 15.
Rc1 Rfc8 16. Be2 Qb6 17. Nb5 Bd7 18. Rb1 Bxb5 19. cxb5 Qd8 20. O-O a4 21. Bc4
axb3 22. axb3 e6 23. Rbd1 Be5 24. f4 Bg7 25. Bxc5 dxc5 26. e5 Qxd2 27. Rxd2 Rd8
28. Rfd1 Rd4 29. g3 Rad8 30. Rd3 Rxd3 31. Rxd3 Rxd3 32. Bxd3 b6 33. Kg2 f6 34.
exf6 Bxf6 35. Bc4 Kf7 36. Kf3 h5 37. h3 Bd4 38. g4 hxg4+ 39. hxg4 Kf6 40. Ke4
Bc3 41. Bd3 1/2-1/2

[Event "69th ch-RUS HL 2016"]
[Site "Kolomna RUS"]
[Date "2016.06.25"]
[Round "4.3"]
[White "Goganov, Aleksey"]
[Black "Shaposhnikov, Evgeny"]
[Result "1/2-1/2"]
[WhiteTitle "GM"]
[BlackTitle "GM"]
[WhiteElo "2620"]
[BlackElo "2545"]
[WhiteFideId "24109959"]
[BlackFideId "4122232"]
[EventDate "2016.06.22"]

1. d4 Nf6 2. c4 e6 3. Nc3 Bb4 4. e3 c5 5. Ne2 cxd4 6. exd4 d5 7. a3 Be7 8. Nf4
dxc4 9. Bxc4 Nc6 10. Be3 O-O 11. O-O Bd6 12. Nh5 Nd5 13. Rc1 Nxc3 14. Rxc3 e5
15. d5 Ne7 16. Ng3 f5 17. f4 Ng6 18. Ne2 Bd7 19. Qb3 Qe7 20. a4 Kh8 21. Bb5 Bxb5
22. Qxb5 a6 23. Qb3 Rac8 24. h3 Rxc3 25. Qxc3 Re8 26. Bc1 Qd7 27. fxe5 Rxe5 28.
Nf4 Nxf4 29. Bxf4 Rxd5 30. Bxd6 Rxd6 31. Qe5 Qe6 32. Rxf5 h6 33. Qxe6 Rxe6 34.
Rf4 a5 35. Rf5 Rb6 36. Rxa5 Rxb2 37. Ra8+ Kh7 38. a5 Ra2 39. Ra7 Kg6 40. Rxb7
Rxa5 1/2-1/2

[Event "69th ch-RUS HL 2016"]
[Site "Kolomna RUS"]
[Date "2016.06.25"]
[Round "4.4"]
[White "Vavulin, Maksim"]
[Black "Oparin, Grigoriy"]
[Result "0-1"]
[WhiteTitle "IM"]
[BlackTitle "GM"]
[WhiteElo "2507"]
[BlackElo "2597"]
[WhiteFideId "4169530"]
[BlackFideId "24125890"]
[EventDate "2016.06.22"]

1. e4 c5 2. Nf3 d6 3. d4 cxd4 4. Nxd4 Nf6 5. Nc3 a6 6. Be3 e5 7. Nb3 Be6 8. f4
exf4 9. Bxf4 Nc6 10. Qd2 d5 11. O-O-O Bb4 12. Qd3 Bxc3 13. Qxc3 O-O 14. exd5
Nxd5 15. Qg3 Rc8 16. Bd6 Re8 17. Bd3 Qf6 18. Kb1 Ndb4 19. Rhf1 Qh6 20. Be4 Qh5
21. Rde1 Rcd8 22. a3 Bd5 23. Nc5 Ba2+ 24. Kc1 Bc4 25. Rf3 Nd4 26. Rfe3 Ne2+ 27.
R3xe2 Na2+ 28. Kb1 Bxe2 29. Nxb7 Rc8 30. Bf3 Qb5 31. Kxa2 Rxc2 32. Bb4 Qc4+ 33.
Kb1 Rc1+ 34. Rxc1 Bd3+ 35. Ka1 Qxc1+ 36. Ka2 Qb1+ 37. Kb3 Qc2+ 0-1

[Event "69th ch-RUS HL 2016"]
[Site "Kolomna RUS"]
[Date "2016.06.25"]
[Round "4.5"]
[White "Ponkratov, Pavel"]
[Black "Riazantsev, Alexander"]
[Result "1/2-1/2"]
[WhiteTitle "GM"]
[BlackTitle "GM"]
[WhiteElo "2573"]
[BlackElo "2646"]
[WhiteFideId "4157800"]
[BlackFideId "4125029"]
[EventDate "2016.06.22"]

1. Nf3 d5 2. d4 c6 3. c4 Nf6 4. e3 a6 5. Nc3 Bf5 6. Qb3 b5 7. cxd5 cxd5 8. a4 b4
9. Qxb4 Nc6 10. Qc5 Nb8 11. Qb4 Nc6 12. Qc5 Nb8 13. a5 e6 14. Qb6 Qc8 15. Qb3
Nc6 16. Bd2 Rb8 17. Qa4 Rb4 18. Qa2 Bc2 19. Rc1 Bb3 20. Qb1 Qb7 21. Bd3 Bd6 22.
O-O O-O 23. Na2 Ra4 24. Nc3 Rb4 25. Ne2 Ra4 26. Nc3 1/2-1/2

[Event "69th ch-RUS HL 2016"]
[Site "Kolomna RUS"]
[Date "2016.06.25"]
[Round "4.6"]
[White "Antipov, Mikhail Al."]
[Black "Matlakov, Maxim"]
[Result "0-1"]
[WhiteTitle "GM"]
[BlackTitle "GM"]
[WhiteElo "2584"]
[BlackElo "2691"]
[WhiteFideId "4107012"]
[BlackFideId "4168003"]
[EventDate "2016.06.22"]

1. e4 e5 2. Nf3 Nc6 3. Bc4 Bc5 4. O-O Nf6 5. d3 d6 6. c3 a6 7. a4 h6 8. Nbd2 O-O
9. Re1 Be6 10. a5 Re8 11. Bb3 Bxb3 12. Qxb3 Qd7 13. Nf1 d5 14. Ng3 dxe4 15. Nxe4
Be7 16. Nxf6+ Bxf6 17. Nd2 Red8 18. Ne4 Be7 19. Ng3 Qd5 20. Qd1 Qxd3 21. Qh5 Qc4
22. Re4 Qe6 23. Rg4 Rd1+ 24. Nf1 Kf8 25. Rga4 Rad8 26. Be3 Qb3 27. Qe2 Qb5 28.
Qxb5 axb5 29. R4a2 Rxa1 30. Rxa1 Ra8 31. b4 b6 32. a6 Nb8 33. c4 Rxa6 34. Rc1
bxc4 35. Rxc4 Bd6 36. Bc1 0-1

[Event "69th ch-RUS HL 2016"]
[Site "Kolomna RUS"]
[Date "2016.06.25"]
[Round "4.7"]
[White "Lysyj, Igor"]
[Black "Alekseenko, Kirill"]
[Result "1/2-1/2"]
[WhiteTitle "GM"]
[BlackTitle "GM"]
[WhiteElo "2663"]
[BlackElo "2576"]
[WhiteFideId "4150120"]
[BlackFideId "4135539"]
[EventDate "2016.06.22"]

1. d4 d5 2. c4 c6 3. Nf3 Nf6 4. e3 Bf5 5. Nc3 e6 6. Nh4 Be4 7. f3 Bg6 8. Qb3 Qc7
9. Bd2 Be7 10. cxd5 cxd5 11. O-O-O Nc6 12. Nxg6 hxg6 13. Kb1 a6 14. Rc1 Rc8 15.
Bd3 O-O 16. Qd1 b5 17. g4 Qb6 18. g5 Nh5 19. f4 Na5 20. Ne2 Nc4 21. Ng3 e5 22.
Nxh5 exd4 23. Ng3 dxe3 24. Bc3 b4 25. Bxc4 bxc3 26. Qb3 Qd6 27. Bxd5 Rb8 28.
Qxc3 Qxd5 29. Qxe3 Rfe8 30. Rhd1 Qb7 31. Qf2 Ba3 32. Rc2 Re6 33. Rd3 Qe7 34. Rb3
Re1+ 35. Rc1 Rxc1+ 36. Kxc1 Rxb3 37. axb3 Bc5 38. Qf1 Qe3+ 39. Kc2 Bd6 40. Qxa6
Qxf4 41. Qc8+ Bf8 42. Qd8 Qh4 43. Nf1 Qe4+ 44. Kd2 Qg2+ 45. Ke1 Qxb2 46. Qd5
Qc1+ 47. Ke2 Qf4 48. Qd8 Qf5 49. b4 Qg4+ 50. Kf2 Qxb4 51. Nd2 Kh7 52. Qd5 Bc5+
53. Ke2 Be7 54. Nf3 Qf4 55. Kf2 Bd6 56. Kg2 Bc7 57. Kf2 Bb6+ 58. Ke2 Qe3+ 59.
Kd1 Qe7 60. Kd2 Be3+ 61. Kd3 Bf4 62. h4 Qa3+ 63. Kc2 Qa4+ 64. Kd3 Qb4 65. Qe4
Qb1+ 66. Kd4 Qc1 67. Kd3 Bg3 68. Ke2 Qb2+ 69. Kd1 Qa1+ 70. Ke2 Qh1 71. Kd2 Bd6
72. Ke2 Qg2+ 73. Kd1 Qf1+ 74. Kd2 Qb5 75. Kd1 Kg8 76. Qa8+ Kh7 77. Qe4 Bb4 78.
Kc2 Qa4+ 79. Kd3 Qd1+ 80. Kc4 Bd6 81. Kc3 Qc1+ 82. Kb3 Qc5 83. Kb2 f5 84. gxf6
gxf6 85. Kb3 Kh6 86. Qa8 Qe3+ 87. Kc4 Qf4+ 88. Kd3 Kh5 89. Ke2 Kg4 90. Qd5 Be5
91. Ne1 Qh2+ 92. Kf1 Qh3+ 93. Ke2 Kxh4 94. Nf3+ Kh5 95. Qf7 Bf4 96. Qxf6 Qg2+
97. Ke1 g5 98. Qc6 Bg3+ 99. Kd1 Qf1+ 100. Kc2 Qe2+ 101. Nd2 Bf4 102. Qf3+ Qxf3
103. Nxf3 g4 104. Nd4 Kg5 105. Ne2 Kf5 106. Kd3 Bb8 107. Ke3 Ba7+ 108. Kd2 Ke4
109. Ng3+ Kf3 110. Nh5 Bf2 111. Kc3 Be3 112. Kd3 Bf2 113. Kc3 Bb6 114. Kc4 Bd8
115. Kd3 Bg5 116. Kd4 Kg2 117. Kd3 Kf3 118. Kd4 Kg2 119. Kd3 Kh3 120. Ke2 Bh6
121. Kf2 Bg5 122. Kf1 Kh2 123. Ke2 Bh6 124. Kf1 Bc1 125. Nf6 g3 126. Ng4+ 1/2-1/2

[Event "69th ch-RUS HL 2016"]
[Site "Kolomna RUS"]
[Date "2016.06.25"]
[Round "4.8"]
[White "Predke, Alexandr"]
[Black "Grachev, Boris"]
[Result "1-0"]
[WhiteTitle "GM"]
[BlackTitle "GM"]
[WhiteElo "2550"]
[BlackElo "2639"]
[WhiteFideId "24107581"]
[BlackFideId "4129199"]
[EventDate "2016.06.22"]

1. e4 e6 2. d4 d5 3. Nc3 Nf6 4. e5 Nfd7 5. f4 c5 6. Nf3 Be7 7. Be3 b6 8. Qd2 O-O
9. Be2 Nc6 10. h4 cxd4 11. Nxd4 Nxd4 12. Bxd4 f6 13. exf6 Bxf6 14. O-O-O Nc5 15.
Qe3 Bd7 16. h5 h6 17. g4 Rc8 18. Rhg1 Qc7 19. g5 hxg5 20. h6 Bxd4 21. Rxd4 Ne4
22. Bd3 Qxf4 23. Qxf4 Rxf4 24. Nxe4 dxe4 25. Rxg5 Bc6 26. Rxg7+ Kh8 27. Ba6 Rcf8
28. Rd6 e3 29. b3 Bd5 30. Bd3 Be4 31. Rdd7 e2 32. Kd2 e5 33. Bxe4 e1=Q+ 34. Kxe1
Rxe4+ 35. Kd2 Rd4+ 36. Rxd4 exd4 37. Rxa7 Rd8 38. Rb7 Rd6 39. Kd3 Kg8 40. h7+
Kh8 41. a4 1-0

[Event "69th ch-RUS HL 2016"]
[Site "Kolomna RUS"]
[Date "2016.06.25"]
[Round "4.9"]
[White "Chigaev, Maksim"]
[Black "Alekseev, Evgeny"]
[Result "1/2-1/2"]
[WhiteTitle "IM"]
[BlackTitle "GM"]
[WhiteElo "2542"]
[BlackElo "2626"]
[WhiteFideId "4108116"]
[BlackFideId "4138147"]
[EventDate "2016.06.22"]

1. c4 e6 2. g3 d5 3. Bg2 Nf6 4. Nf3 d4 5. O-O c5 6. e3 Nc6 7. exd4 cxd4 8. d3
Bd6 9. Bg5 h6 10. Bxf6 Qxf6 11. Nbd2 Qe7 12. a3 a5 13. Rc1 O-O 14. Ne4 Bc7 15.
c5 Bd7 16. Re1 Rfd8 17. Nfd2 Ne5 18. Qe2 Bc6 19. Nd6 Nd7 20. Nxb7 Bxb7 21. c6
Bxc6 22. Rxc6 Ra7 23. Rec1 Nf6 24. Qd1 Rb8 25. Qa4 Bd8 26. Qxd4 Rd7 27. Qe5 Rb6
28. Rc8 Rbd6 29. Bf1 Kh7 30. Nc4 Rd5 31. Qe1 Bc7 32. Ne3 Rc5 33. Rxc5 Qxc5 34.
Nc4 Qb5 35. b4 Qa6 36. Rf8 axb4 37. Qxb4 Nd5 38. Qb2 Nb6 39. Qc2 Qa4 40. Qxa4
Nxa4 41. Bg2 Nc5 42. Rc8 g6 43. Bc6 Re7 44. d4 Nb3 45. d5 exd5 46. Bxd5 Kg7 47.
Kg2 Na5 48. Nd2 Rd7 49. Ne4 Bd8 50. Rc5 Nb7 51. Bxb7 Rxb7 52. Rc2 Ra7 53. Ra2 f5
54. Nc3 Bf6 55. Nd5 Ra4 56. Nxf6 Kxf6 57. Kf3 Kg5 58. Ke3 Kg4 59. f3+ Kh3 60.
Kd3 f4 61. g4 h5 62. gxh5 gxh5 63. Kc3 h4 64. Kd3 Rd4+ 65. Kxd4 1/2-1/2

[Event "69th ch-RUS HL 2016"]
[Site "Kolomna RUS"]
[Date "2016.06.25"]
[Round "4.10"]
[White "Volkov, Sergey"]
[Black "Moiseenko, Vadim"]
[Result "0-1"]
[WhiteTitle "GM"]
[BlackTitle "IM"]
[WhiteElo "2604"]
[BlackElo "2497"]
[WhiteFideId "4122763"]
[BlackFideId "4123700"]
[EventDate "2016.06.22"]

1. d4 d6 2. Nf3 Nf6 3. c4 h6 4. Nc3 Bf5 5. e3 c6 6. b4 Nbd7 7. a4 a5 8. bxa5
Qxa5 9. Bd2 Qc7 10. Be2 e5 11. O-O Be7 12. a5 O-O 13. Na4 Ne4 14. Be1 Bf6 15.
Bd3 Rfe8 16. Ra2 Bg6 17. Qb1 exd4 18. Nxd4 Ndc5 19. Nxc5 dxc5 20. Ne2 Rad8 21.
Bc2 Rd2 22. Nf4 Nc3 23. Qb3 Nxa2 24. Bxd2 Bxc2 25. Qxa2 Bh7 26. Nh5 Be5 27. f4
Bd6 28. Qb2 f6 29. Qc3 Bg6 30. Ng3 h5 31. Rd1 h4 32. Nf1 h3 33. gxh3 Qc8 34. Be1
Bc7 35. Qb2 Be4 36. Qf2 Qxh3 37. Qg3 Qe6 38. h4 Re7 39. Bc3 Kh7 40. Nd2 Bc2 41.
Re1 Rd7 42. Kf2 Qf5 43. Rg1 Be5 44. e4 Qxf4+ 45. Qxf4 Bxf4 46. e5 Rd3 47. exf6
gxf6 48. Rg4 Bxd2 49. Bxf6 Rd7 50. Bg5 Bxa5 0-1

[Event "69th ch-RUS HL 2016"]
[Site "Kolomna RUS"]
[Date "2016.06.25"]
[Round "4.11"]
[White "Gordievsky, Dmitry"]
[Black "Eliseev, Urii"]
[Result "1-0"]
[WhiteTitle "IM"]
[BlackTitle "GM"]
[WhiteElo "2523"]
[BlackElo "2602"]
[WhiteFideId "24112798"]
[BlackFideId "24131920"]
[EventDate "2016.06.22"]

1. Nf3 Nf6 2. c4 g6 3. Nc3 d5 4. cxd5 Nxd5 5. h4 Bg7 6. e4 Nxc3 7. dxc3 Qxd1+ 8.
Kxd1 Nd7 9. Bc4 Nc5 10. Re1 f5 11. e5 Be6 12. Bf1 Bd5 13. Nd4 Be4 14. b4 Nd7 15.
f4 O-O-O 16. Rxe4 fxe4 17. Ne6 Nxe5+ 18. Kc2 Nd3 19. Nxg7 Rd6 20. h5 Rg8 21. h6
Nxc1 22. Rxc1 Rgd8 23. g4 c6 24. g5 Rd2+ 25. Kb3 Rd1 26. Bh3+ Kb8 27. Rxd1 Rxd1
28. Kc2 Rh1 29. Be6 1-0

[Event "69th ch-RUS HL 2016"]
[Site "Kolomna RUS"]
[Date "2016.06.25"]
[Round "4.12"]
[White "Goryachkina, Aleksandra"]
[Black "Rakhmanov, Aleksandr"]
[Result "1/2-1/2"]
[WhiteTitle "WGM"]
[BlackTitle "GM"]
[WhiteElo "2486"]
[BlackElo "2655"]
[WhiteFideId "4147103"]
[BlackFideId "4173708"]
[EventDate "2016.06.22"]

1. d4 Nf6 2. c4 d6 3. Nf3 g6 4. Nc3 Bf5 5. Nh4 Bd7 6. e4 Bg7 7. Be2 O-O 8. Nf3
c5 9. d5 Na6 10. O-O e6 11. h3 e5 12. Ne1 Ne8 13. a3 f5 14. Rb1 Nf6 15. exf5
Bxf5 16. Nc2 Ne4 17. Nxe4 Bxe4 18. Ra1 Bf5 19. Ne3 Bd7 20. Qc2 Bh6 21. Bd3 Qh4
22. Nd1 Bf4 23. Nc3 Bf5 24. Bxf4 Qxf4 25. Be4 Qg5 26. Qd3 Bd7 27. Rae1 Kg7 28.
Qe3 Qh4 29. b3 Nc7 30. Bb1 Qf4 31. Ne4 Qxe3 32. fxe3 Ne8 33. g4 Rxf1+ 34. Rxf1
Rb8 35. b4 b6 36. Bd3 a5 37. b5 Rb7 38. Kg2 Bc8 39. Kg3 Rf7 40. Rxf7+ Kxf7 41.
Nc3 Nc7 42. Na4 Na8 43. Kh4 Kg7 1/2-1/2

[Event "69th ch-RUS HL 2016"]
[Site "Kolomna RUS"]
[Date "2016.06.25"]
[Round "4.13"]
[White "Zvjaginsev, Vadim"]
[Black "Sviridov, Valery"]
[Result "1-0"]
[WhiteTitle "GM"]
[WhiteElo "2677"]
[BlackElo "2517"]
[WhiteFideId "4113403"]
[BlackFideId "4120680"]
[EventDate "2016.06.22"]

1. e4 Nf6 2. e5 Nd5 3. d4 d6 4. Nf3 dxe5 5. Nxe5 c6 6. Be2 Bf5 7. O-O Nd7 8. Nf3
e6 9. c4 Nb4 10. a3 Na6 11. Nc3 Be7 12. d5 O-O 13. Nd4 cxd5 14. Nxf5 exf5 15.
Qxd5 Bf6 16. Qxf5 Bxc3 17. bxc3 Nac5 18. Be3 Rc8 19. Rad1 Qe7 20. Bf3 b6 21. Bd5
Nf6 22. Rfe1 Rfe8 23. h3 Qd7 24. Qxd7 Ncxd7 25. Bf4 Nc5 26. Rxe8+ Rxe8 27. f3 h6
28. Kf1 Re7 29. Bc6 Re6 30. Rd6 Re7 31. Bxh6 gxh6 32. Rxf6 Kg7 33. Rf4 Re3 34.
Bd5 f6 35. Rg4+ Kh8 36. h4 h5 37. Rf4 Kg7 38. g4 hxg4 39. fxg4 Rxc3 40. Rf3 Rc2
41. Re3 Kf8 42. h5 Rd2 43. Kg1 Rd4 44. h6 Rxg4+ 45. Kh2 Nd7 46. Rh3 1-0

[Event "69th ch-RUS HL 2016"]
[Site "Kolomna RUS"]
[Date "2016.06.25"]
[Round "4.14"]
[White "Popov, Ivan RUS"]
[Black "Esipenko, Andrey"]
[Result "0-1"]
[WhiteTitle "GM"]
[BlackTitle "FM"]
[WhiteElo "2648"]
[BlackElo "2471"]
[WhiteFideId "4170350"]
[BlackFideId "24175439"]
[EventDate "2016.06.22"]

1. e4 e5 2. Nf3 Nc6 3. Bc4 Bc5 4. d3 Nf6 5. Bg5 h6 6. Bh4 Be7 7. O-O O-O 8. Nc3
d6 9. a4 g5 10. Bg3 Bg4 11. h3 Bh5 12. Bh2 Qd7 13. Nd5 Bg6 14. c3 Nxd5 15. Bxd5
Kg7 16. a5 a6 17. Qb3 Nd8 18. Rfe1 c6 19. Qa4 Bh5 20. Re3 Ne6 21. d4 Nf4 22. Bc4
Qc7 23. Bf1 Bf6 24. Rd1 Rad8 25. g3 Ne6 26. d5 Nc5 27. Qc4 Qxa5 28. b4 Qa4 29.
Rd2 Nd7 30. Ra2 Qd1 31. dxc6 Bxf3 32. cxd7 d5 33. Qxd5 Rxd7 34. Qxd1 Bxd1 35.
Bc4 h5 36. f3 g4 37. hxg4 hxg4 38. fxg4 Bg5 39. Rd3 Rxd3 40. Bxd3 Rc8 41. b5
axb5 42. Bxb5 Rxc3 43. Be2 Bc2 0-1

[Event "69th ch-RUS HL 2016"]
[Site "Kolomna RUS"]
[Date "2016.06.25"]
[Round "4.15"]
[White "Romanov, Evgeny"]
[Black "Oganian, Miran"]
[Result "1-0"]
[WhiteTitle "GM"]
[BlackTitle "IM"]
[WhiteElo "2642"]
[BlackElo "2433"]
[WhiteFideId "4148843"]
[BlackFideId "4122488"]
[EventDate "2016.06.22"]

1. d4 Nf6 2. Nf3 e6 3. Bf4 c5 4. e3 Be7 5. Nbd2 Nh5 6. dxc5 Nxf4 7. exf4 Bxc5 8.
Ne4 d5 9. Nxc5 Qa5+ 10. c3 Qxc5 11. Bd3 Nd7 12. O-O O-O 13. Re1 Nf6 14. Nd4 Bd7
15. a4 Rfe8 16. Re3 Qc7 17. Qf3 Rac8 18. Bc2 e5 19. Rxe5 Rxe5 20. fxe5 Qxe5 21.
Qg3 Re8 22. Qxe5 Rxe5 23. f3 a5 24. Kf2 Re8 25. Rd1 Kf8 26. Bb3 Ke7 27. h4 h5
28. Nc2 Be6 29. Rd4 Rb8 30. Na3 Kd6 31. Kg3 Kc5 32. Kf4 Bd7 33. Rd2 Re8 34. Nc2
b5 35. axb5 Bxb5 36. Ne3 Bc6 37. Nf5 g6 38. Nd4 Bd7 39. Kg5 Ng8 40. Re2 Rc8 41.
g4 hxg4 42. fxg4 Kd6 43. Ba2 f6+ 44. Kxg6 Ne7+ 45. Kf7 Bxg4 46. Nb5+ Kc5 47.
Rxe7 Kxb5 48. Bxd5 f5 49. Kg7 Kc5 50. Bf7 Rb8 51. b3 Kd6 52. Re6+ Kd7 53. Re5
Rc8 54. c4 Rb8 55. h5 f4 56. h6 f3 57. Rxa5 f2 58. Ra1 Bh3 59. h7 Kc6 60. b4
f1=Q 61. Rxf1 Bxf1 62. h8=Q Rxh8 63. Kxh8 Kd6 64. Kg7 Ke5 65. Kf8 Kd4 66. b5 Kc5
67. Ke7 Bh3 68. Be6 Bf1 69. Kd7 Kb6 70. Kd6 Be2 71. Bf7 Bf1 72. Kd5 Bg2+ 73. Kd4
Bf3 74. Be8 Bg2 75. c5+ Kb7 76. Ke5 Kc7 77. b6+ Kb7 78. Bb5 Bf3 79. Kd6 Be4 80.
Bc4 Bf5 81. Bd5+ 1-0

[Event "69th ch-RUS HL 2016"]
[Site "Kolomna RUS"]
[Date "2016.06.25"]
[Round "4.16"]
[White "Gavrilov, Alexei1"]
[Black "Savchenko, Boris"]
[Result "1-0"]
[WhiteTitle "GM"]
[BlackTitle "GM"]
[WhiteElo "2466"]
[BlackElo "2633"]
[WhiteFideId "4104358"]
[BlackFideId "4147332"]
[EventDate "2016.06.22"]

1. d4 Nf6 2. c4 g6 3. Nc3 d5 4. cxd5 Nxd5 5. e4 Nxc3 6. bxc3 Bg7 7. Qa4+ Qd7 8.
Bb5 c6 9. Be2 O-O 10. Qa3 b6 11. Nf3 c5 12. O-O Bb7 13. d5 e6 14. Be3 exd5 15.
Rad1 Nc6 16. exd5 Ne7 17. c4 h6 18. Rfe1 Nf5 19. Bd2 Bc8 20. Bd3 Qd8 21. Qc1 Nh4
22. Nxh4 Qxh4 23. Re4 Qh5 24. Rde1 Kh7 25. h3 Rb8 26. Bf4 Rb7 27. Bd6 Rg8 28.
Be7 Qf5 29. Qe3 Qd7 30. Qf4 Qf5 31. Qe3 Qd7 32. Qf3 Qe8 33. d6 Rd7 34. R4e2 Bb7
35. Qg4 Bc3 36. Bf6 Bxe1 37. Rxe8 Rxd6 38. Bxg6+ 1-0

[Event "69th ch-RUS HL 2016"]
[Site "Kolomna RUS"]
[Date "2016.06.25"]
[Round "4.17"]
[White "Iljiushenok, Ilia"]
[Black "Demchenko, Anton"]
[Result "1/2-1/2"]
[WhiteTitle "IM"]
[BlackTitle "GM"]
[WhiteElo "2495"]
[BlackElo "2611"]
[WhiteFideId "24105074"]
[BlackFideId "4160258"]
[EventDate "2016.06.22"]

1. d4 Nf6 2. c4 d6 3. Nc3 g6 4. e4 Bg7 5. f3 O-O 6. Be3 Nc6 7. Qd2 a6 8. Bd3 e5
9. d5 Nd4 10. Nge2 Nh5 11. O-O c5 12. dxc6 bxc6 13. b4 Be6 14. Rab1 f5 15. Bg5
Qc7 16. exf5 Nxe2+ 17. Bxe2 gxf5 18. Rfd1 Nf4 19. Bxf4 exf4 20. Qxd6 Qxd6 21.
Rxd6 Rfe8 22. Na4 a5 23. Nb6 Ra7 24. a3 axb4 25. axb4 Bf7 26. Bf1 Re6 27. Rd8+
Re8 28. Rbd1 Bc3 29. Nc8 Rc7 30. Rxe8+ Bxe8 31. Rd8 Kf8 32. Nd6 Ke7 33. Nxe8
Kxd8 34. Nxc7 Kxc7 35. b5 cxb5 36. cxb5 Bd4+ 37. Kh1 Kd6 38. Bd3 Ke5 39. g3 fxg3
40. hxg3 f4 41. g4 h6 42. Kg2 Bb6 43. Be4 Kd4 44. Bc6 Ke3 45. Bb7 Bd8 46. Bc6
Bb6 47. Kh3 Bd8 48. Kg2 Bb6 1/2-1/2

[Event "69th ch-RUS HL 2016"]
[Site "Kolomna RUS"]
[Date "2016.06.25"]
[Round "4.18"]
[White "Lobanov, Sergei"]
[Black "Pridorozhni, Aleksei"]
[Result "1-0"]
[BlackTitle "GM"]
[WhiteElo "2433"]
[BlackElo "2552"]
[WhiteFideId "24183750"]
[BlackFideId "4127870"]
[EventDate "2016.06.22"]

1. e4 e5 2. Nf3 Nc6 3. Bb5 Nf6 4. O-O Nxe4 5. d4 Nd6 6. Ba4 e4 7. Re1 Be7 8. Ne5
O-O 9. Nc3 f6 10. Nxc6 dxc6 11. Nxe4 Nxe4 12. Rxe4 f5 13. Re1 Bd6 14. c4 f4 15.
c5 Be7 16. Qh5 Bg5 17. Bb3+ Kh8 18. h4 Bh6 19. Bd2 Bd7 20. Bc3 Rf5 21. Qe2 f3
22. Qe7 Qc8 23. Re5 fxg2 24. Rae1 Rf8 25. d5 Bg4 26. dxc6 bxc6 27. Rg5 1-0